Loading...
Chiri, deerghayussinu/
| Main Author: | |
|---|---|
| Format: | Printed Book |
| Published: |
Kottayam:
Sahitya Pravartaka Co-operative Society,
2001.
|
| Subjects: |
| LEADER | 00513nam a22001571a 4500 | ||
|---|---|---|---|
| 999 | |c 7516 |d 7516 | ||
| 082 | |a M7 |b CPN/C | ||
| 100 | |a C P Nair | ||
| 245 | |a Chiri, deerghayussinu/ |c by C P Nair | ||
| 260 | |a Kottayam: |b Sahitya Pravartaka Co-operative Society, |c 2001. | ||
| 300 | |a 68p. | ||
| 650 | |a Humour Malayalam | ||
| 650 | |a Literature Malayalam | ||
| 650 | |a Literature | ||
| 942 | |c BK | ||
| 952 | |0 0 |1 0 |4 0 |6 M_7_000000000000000_CPN_C |7 0 |9 11301 |a SSUS |b SSUS |d 2015-01-08 |g 45.00 |o M7 CPN/C |p 048835 |r 2015-01-08 |v 0.00 |w 2015-01-08 |y BK | ||